Loading...
| Any History | 2 | 15.00 | 100% | 50% | 0% |
| Current Events | 3 | 10.00 | 100% | 0% | 0% |
| Fine Arts - Classical Music | 6 | 8.33 | 83% | 0% | 0% |
| Fine Arts - Other Fine Arts | 4 | 10.00 | 75% | 25% | 0% |
| Geography | 3 | 6.67 | 67% | 0% | 0% |
| History - American History | 5 | 12.00 | 100% | 20% | 0% |
| History - European History | 12 | 12.50 | 92% | 17% | 17% |
| History - World History | 7 | 7.14 | 71% | 0% | 0% |
| Literature - American Literature | 5 | 10.00 | 80% | 20% | 0% |
| Literature - British Literature | 9 | 12.22 | 100% | 22% | 0% |
| Literature - European Literature | 5 | 6.00 | 60% | 0% | 0% |
| Literature - World Literature | 8 | 7.50 | 75% | 0% | 0% |
| Mythology | 4 | 7.50 | 50% | 0% | 25% |
| Other Academic | 4 | 17.50 | 100% | 75% | 0% |
| Painting & Sculpture | 7 | 7.14 | 71% | 0% | 0% |
| Philosophy | 4 | 12.50 | 100% | 25% | 0% |
| Religion | 1 | 0.00 | 0% | 0% | 0% |
| Science - Biology | 5 | 6.00 | 60% | 0% | 0% |
| Science - Chemistry | 7 | 12.86 | 100% | 29% | 0% |
| Science - Other Science | 4 | 5.00 | 50% | 0% | 0% |
| Science - Physics | 4 | 15.00 | 75% | 75% | 0% |
| Social Science | 6 | 8.33 | 67% | 17% | 0% |